|
|
|
|
| LEADER |
00000nam0a2200000 4500 |
| 001 |
352492 |
| 005 |
20231102010513.0 |
| 035 |
|
|
|a (RuTPU)RU\TPU\retro\9106
|
| 090 |
|
|
|a 352492
|
| 100 |
|
|
|a 20200114d1924 k y0rusy50 ca
|
| 101 |
0 |
|
|a rus
|
| 102 |
|
|
|a RU
|
| 105 |
|
|
|a y z 000zy
|
| 200 |
1 |
|
|a Влияние установки дождемера на количество регистрируемых им осадков
|e [оттиск статьи]
|f В. Д. Кузнецов, Е. Ф. Короткова
|
| 210 |
|
|
|a Томск
|c Томский государственный университет
|d 1924
|
| 215 |
|
|
|a 6 с.
|c табл.
|
| 225 |
1 |
|
|a Известия Томского Государственного Университета
|v Т. 74
|
| 320 |
|
|
|a Библиогр. в примеч.
|
| 606 |
1 |
|
|a Атмосферные осадки
|2 stltpush
|3 (RuTPU)RU\TPU\subj\29656
|9 52939
|
| 610 |
1 |
|
|a коллекция ТПУ
|
| 610 |
1 |
|
|a труды учёных ТПУ
|
| 610 |
1 |
|
|a оттиски
|
| 610 |
1 |
|
|a сельское хозяйство
|
| 610 |
1 |
|
|a климат
|
| 610 |
1 |
|
|a ветер
|
| 610 |
1 |
|
|a метеорология
|
| 610 |
1 |
|
|a наблюдения
|
| 610 |
1 |
|
|a Томск
|
| 610 |
1 |
|
|a сопоставительный анализ
|
| 675 |
|
|
|a 551.577
|v 4
|
| 700 |
|
1 |
|a Кузнецов
|b В. Д.
|c русский физик
|c профессор, академик АН СССР
|c преподавал в ТТИ и на Сибирских высших женских курсах
|c с 1917 преподавал в ТГУ, директор СФТИ (1929-1933, 1937-1960)
|f 1887-1963
|g Владимир Дмитриевич
|2 stltpush
|3 (RuTPU)RU\TPU\pers\18076
|
| 701 |
|
1 |
|a Короткова
|b Е. Ф.
|
| 801 |
|
1 |
|a RU
|b 63413507
|c 20200114
|
| 801 |
|
2 |
|a RU
|b 63413507
|c 20200114
|g RCR
|
| 942 |
|
|
|c BK
|